A new pronouncing dictionary of the spanish and english languages
Sparad:
| Huvudupphovsman: | |
|---|---|
| Materialtyp: | Bok |
| Språk: | engelska spanska |
| Publicerad: |
Nueva York
Appleton-Century-Crofts
1962
|
| Ämnen: | |
| Taggar: |
Lägg till en tagg
Inga taggar, Lägg till första taggen!
|
MARC
| LEADER | 00000nam a2200000 a 4500 | ||
|---|---|---|---|
| 001 | UCR4751 | ||
| 003 | CL-VaPUC | ||
| 008 | 980313e19620000US |||||||||||||||||eng|d | ||
| 041 | 0 | 7 | |a eng |2 CL-VaPUC |
| 041 | 0 | 7 | |a spa |2 CL-VaPUC |
| 082 | 0 | 4 | |a 463.21 |b VEL |2 21 |
| 100 | 0 | |a Velázquez de la Cadena, Mariano |e author |9 405313 | |
| 245 | 1 | 2 | |a A new pronouncing dictionary of the spanish and english languages |
| 300 | |a 1482 p | ||
| 942 | |c BK | ||
| 945 | |d 19980313 00:00:00 |a crobeson | ||
| 260 | |a Nueva York |b Appleton-Century-Crofts |c 1962 | ||
| 650 | 0 | |a Español |9 255372 | |
| 650 | 0 | |a Inglés |9 260023 | |
| 650 | 0 | |a Diccionarios |9 256200 | |
| 583 | |a last modification |c 19980313 00:00:00 |k Rodrigo Vera | ||
| 999 | |c 267635 |d 267633 | ||